Normal view
MARC view
- Spanish-American War, 1898
Entry Topical Term
001 - CONTROL NUMBER
- control field: 50672
003 - CONTROL NUMBER IDENTIFIER
- control field: NUST
005 - DATE AND TIME OF LATEST TRANSACTION
- control field: 20210314134722.0
008 - FIXED-LENGTH DATA ELEMENTS
- fixed length control field: 210314|| aca||aabn | a|a d
040 ## - CATALOGING SOURCE
- Original cataloging agency: NUST
- Transcribing agency: NUST
150 ## - HEADING--TOPICAL TERM
- Topical term or geographic name entry element: Spanish-American War, 1898
670 ## - SOURCE DATA FOUND
- Source citation: Work cat.: (NUST): Alger, R. A. 50671, The Spanish-American War,, 1901.
